| 000 | 00658nac a22001931u 4500 | ||
|---|---|---|---|
| 008 | 101007s2003 nyu|||||r|||| 001 0 eng d | ||
| 020 | _a007141066X | ||
| 020 | _a9780071410663 | ||
| 082 |
_a658.4012 _bFRE _222 |
||
| 100 |
_aFreedman, Mike _920151 |
||
| 245 |
_aThe Art and Discipline of Strategic Leadership / _cMike Freedman with Benjamin B. Tregoe. |
||
| 260 |
_aNew York : _bMcGraw-Hill, _cc2003. |
||
| 300 |
_axvii, 218 p. : _bill. ; _c24 cm. |
||
| 504 | _aIncludes bibliographical references and index. | ||
| 650 |
_aLeadership. _920152 |
||
| 650 |
_aStrategic planning. _920153 |
||
| 700 |
_aTregoe, Benjamin B. _920154 |
||
| 942 |
_cBB _k658.4012FRE _2ddc |
||
| 999 |
_c1148 _d1148 |
||